00632nam a2200193 a 45000010005000000030009000050050017000140080041000310200015000720400038000870820016001252450112001412600052002533000028003055000020003336500032003536500031003857000022004164711BD-DhUAP20200223140243.0200223s1999 nyua 001 0 eng d a9845123449 aBD-DhUAPcBD-DhUAPdBD-DhUAPbEng a934 SON223 aSonargaon-Panam : ba survey of historical monuments and sites in Bangladesh, SHMSB 003 /cA. B. M. Husain. aDhaka :bAsiatic Society of Bangladesh,cc1997. axi, 214 pages ;c25 cm. aIncludes index. aCities and towns -- India.  aSociology, Urban -- India. aHusain, A. B. M.